000 01210nam0a22002531 4500
001 rc\4745598
005 20260406211108.0
021 _aRU
_b[63-99108]
035 _a(NLR Aleph) 008739011
090 _a9521546
_c9521546
100 _a20130416d1963 |||y0rusy50 ca
101 0 _arus
102 _aRU
105 _ay z |||||
200 1 _aОбзор агрометеорологических условий роста и развития сельскохозяйственных культур в Свердловской области в 1963 году
_fГл. упр. гидрометеорол. службы при Совете Министров СССР. Уральское упр. гидрометеослужбы
210 _aСвердловск
_cБ. и.
_d1963
215 _a[1], 41 с.
_d20
606 _aРастениеводство
_yСвердловская область
_xМетеорологические условия
_2psbo
712 0 2 _aУральское управление гидрометеорологической службы
_9432590
_3RU\NLR\AUTH\889968113
801 0 _aRU
_bNLR
_gpsbo
801 1 _aRU
_bELAR
_2rusmarc
852 _aNLR
_j64-4/955
942 _cBOOK
980 _aNB